La novela picaresca española : Vida del escudero Marcos de Obregón /

Vicente Espinel (1550-1624), escritor y músico nacido en la ciudad de Ronda, España en la época del Siglo de Oro español. Como poeta creó la décima llamada también espinela y como músico añadió la quinta cuerda a la guitarra española. Entre sus obras de poesía y novela se encuentran respectivamente...

Fuld beskrivelse

Guardado en:
Bibliografiske detaljer
Hovedforfatter: Espinel, Vicente (autor)
Format: Bog
Sprog:spansk
Udgivet: Madrid, España : Aguilar : S.A. de Promoción y Ediciones, 1980, c1980
Serier:(La Novela Picaresca Española)
Fag:
Tags: Tilføj Tag
Ingen Tags, Vær først til at tagge denne postø!

MARC

LEADER 00000nam^a2200000^a^4500
001 000617769
005 20250710000000.0
009 20260310133747.371
020 |a 84-7461-126-1 
020 |a 84-7461-116-4 
037 |a Acervo ITESO - Biblioteca 
041 |a ESP 
082 |a 863.  |b NOV ESP 
100 |a Espinel, Vicente  |e (autor) 
240 1 1 |a [Vida del escudero Marcos de Obregón] 
240 1 4 |a [La novela picaresca española] 
245 1 3 |a La novela picaresca española :  |b Vida del escudero Marcos de Obregón /  |c V. Espinel. 
264 4 |a Madrid, España :  |b Aguilar :  |b S.A. de Promoción y Ediciones,  |c 1980, c1980 
300 |a 313 p. 
336 |a texto  |b txt  |2 rdacontenido 
337 |a sin mediación  |b n  |2 rdamedio 
338 |a volumen  |b nc  |2 rdasoporte 
440 4 |a (La Novela Picaresca Española) 
520 |a Vicente Espinel (1550-1624), escritor y músico nacido en la ciudad de Ronda, España en la época del Siglo de Oro español. Como poeta creó la décima llamada también espinela y como músico añadió la quinta cuerda a la guitarra española. Entre sus obras de poesía y novela se encuentran respectivamente Diversas rimas (1591) y La vida del escudero Marcos de Obregón (1618). 
649 |a XX 
650 |a Novela Española 
650 |a Literatura Picaresca -  |z España 
650 |a Literatura Española -  |y Epoca Clásica, 1500-1700 
650 |a Literatura Española -  |y Siglo XVI 
650 |a Literatura Española -  |y Siglo XVII 
910 |a Fondo Castillo-Martínez 
920 |a Impresos - Libros 
930 |a Fondos Especiales 
940 |a Literatura 
905 |a 127 
901 |a 617769-10  |b IT2  |c ESP  |i D129414  |u 20250710 
902 |a https://opac.biblio.iteso.mx/vufind/Record/000617769